Manuel d'arabe marocoin avec introduction historique et géographique / (Record no. 71126)

MARC details
000 -LEADER
campo de control de longitud fija 00794nam a2200217 i 4500
001 - NÚMERO DE CONTROL
campo de control 71126
003 - IDENTIFICADOR DE NÚMERO DE CONTROL
campo de control ES-MaACL
005 - FECHA Y HORA DE LA ÚLTIMA TRANSACCIÓN
campo de control 20230906171029.0
007 - CAMPO FIJO DE DESCRIPCIÓN FÍSICA--INFORMACIÓN GENERAL
campo de control de longitud fija t|
008 - DATOS DE LONGITUD FIJA--INFORMACIÓN GENERAL
campo de control de longitud fija 040805s1912 fr ||||1| fre d
100 1# - ENTRADA PRINCIPAL--NOMBRE DE PERSONA
Nombre de persona Gaudefroy-Demombynes, Maurice.
9 (RLIN) 55992
245 10 - MENCIÓN DEL TÍTULO
Título Manuel d'arabe marocoin avec introduction historique et géographique /
Mención de responsabilidad, etc. Maurice Gaudefroy-Demombynes et L. Mercier.
260 ## - PUBLICACIÓN, DISTRIBUCIÓN, ETC.
Lugar de publicación, distribución, etc. París :
Nombre del editor, distribuidor, etc. [s.n.,
Fecha de publicación, distribución, etc. 1912]
300 ## - DESCRIPCIÓN FÍSICA
Extensión 242 p. ;
Dimensiones 18 cm.
490 1# - MENCIÓN DE SERIE
Mención de serie Bibliotheque de l'Ecole Supérieure d'Etudes Arabes et Berbères de Rabat
650 ## - PUNTO DE ACCESO ADICIONAL DE MATERIA--TÉRMINO DE MATERIA
Término de materia o nombre geográfico como elemento de entrada Lengua árabe-
Subdivisión geográfica Marruecos.
9 (RLIN) 173558
700 1# - ENTRADA AGREGADA--NOMBRE PERSONAL
Nombre de persona Mercier, L.
9 (RLIN) 80465
830 1# - PUNTO DE ACCESO ADICIONAL DE SERIE-TÍTULO UNIFORME
Título uniforme Bibliotheque de l'Ecole Supérieure d'Etudes Arabes et Berbères de Rabat
9 (RLIN) 231060
852 ## - LOCALIZACIÓN
Ubicación ES-MaACL
Número de control de estantería F-13565
Holdings
Estatus retirado Estado de pérdida Estado de daño No para préstamo Biblioteca de origen Biblioteca actual Ubicación en estantería Fecha de adquisición Fuente de adquisición Total de préstamos Signatura topográfica completa Código de barras Visto por última vez Precio de reemplazo Tipo de ítem Koha
        Biblioteca del Ateneo de Madrid Biblioteca del Ateneo de Madrid Sala Pecera Planta 2 17/01/2008     F-13565 1074475 23/02/2023 23/02/2023 Libro impreso